Polskie miasta najbliżej morza - Statystyki

Ogólne statystyki
  • Ten quiz został rozwiązany 28 razy
  • Średni wynik to 7 z 15
Statystyki odpowiedzi
Odległość Miasto % Poprawnych
13,9 km Wejherowo
88%
2,2 km Koszalin
80%
9,5 km Reda
76%
7,0 km Rumia
76%
13,2 km Słupsk
68%
6,0 km Kamień Pomorski
56%
12,9 km Pruszcz Gdański
56%
15,5 km Wolin
52%
10,2 km Frombork
36%
7,6 km Trzebiatów
32%
13,2 km Braniewo
28%
8,5 km Tolkmicko
28%
10,7 km Sianów
24%
14,9 km Gościno
16%
17,8 km Kobylnica
16%
Nie znaleziono quizów pasujących do podanych kryteriów
Rozkład punktacji
Procent ludzi z każdym wynikiem
Percentyl według liczby udzielonych odpowiedzi
Twoja historia wyników
Nie rozwiązałeś tego quizu